000 00322nam a2200145Ia 4500
008 230718s9999 xx 000 0 und d
041 _aEng.
082 _a973312
_bHAS-S
100 _aHashmi, Iqbal
245 0 _aStamp Act 1900
260 _aPakistan
_bPunjab Law
_c2014
300 _a239
650 _aLaw
999 _c30831
_d30831